| Tag |
First Indicator |
Second Indicator |
Subfields |
| LEADER |
00000cam a2200000 4500 |
| 001 |
in00000140407 |
| 005 |
20151004050143.0 |
| 008 |
730130c19731971nyua b 00100ceng |
| 010 |
|
|
|a 72002555
|
| 020 |
|
|
|a 0396066372
|c $6.95
|
| 035 |
|
|
|a (OCoLC)00571957
|
| 035 |
|
|
|9 AAQ9051AM
|
| 040 |
|
|
|a DLC
|c DLC
|d TXA
|d UtOrBLW
|
| 049 |
|
|
|a TXAM
|c [1333713]
|
| 050 |
|
0 |
|a PR4433
|b .C57 1973
|
| 082 |
0 |
|
|a 824/.8
|a B
|
| 100 |
1 |
|
|a Collis, John Stewart,
|d 1900-1984.
|
| 245 |
1 |
4 |
|a The Carlyles ;
|b a biography of Thomas and Jane Carlyle.
|
| 264 |
|
1 |
|a New York :
|b Dodd, Mead,
|c [1973]
|
| 264 |
|
4 |
|c [©1971]
|
| 300 |
|
|
|a 186 pages :
|b illustrations ;
|c 23 cm.
|
| 336 |
|
|
|a text
|b txt
|2 rdacontent
|
| 337 |
|
|
|a unmediated
|b n
|2 rdamedia
|
| 338 |
|
|
|a volume
|b nc
|2 rdacarrier
|
| 504 |
|
|
|a Bibliography: page 183.
|
| 600 |
1 |
0 |
|a Carlyle, Thomas,
|d 1795-1881.
|
| 600 |
1 |
0 |
|a Carlyle, Jane Welsh,
|d 1801-1866.
|
| 999 |
|
|
|a MARS
|
| 999 |
f |
f |
|s 5ab8e785-733e-3c36-b008-450b4a793f2d
|i b1c1eb5d-9a2f-3461-a96d-41eeb0eeb93e
|t 0
|
| 952 |
f |
f |
|p normal
|a Texas A&M University
|b College Station
|c Sterling C. Evans Library
|d Evans: Library Stacks
|t 0
|e PR4433 .C57 1973
|h Library of Congress classification
|i unmediated -- volume
|m A14803947931
|
| 998 |
f |
f |
|a PR4433 .C57 1973
|t 0
|l Evans: Library Stacks
|